Revue économique

Na minha lista:
Detalhes bibliográficos
Formato: Periódico
Idioma:francês
Publicado em: Paris Presses de la Fondation Nationale des Sciences Politiques 1985
Tags: Adicionar Tag
Sem tags, seja o primeiro a adicionar uma tag!

MARC

LEADER 00000nas2a2200000 4500
001 s032033
005 20250730114142.6
041 0 |a fre 
044 |a FR 
245 1 0 |a Revue économique 
264 1 |a Paris  |b Presses de la Fondation Nationale des Sciences Politiques  |c 1985 
300 |a 2 zv. 
773 0 |w eu_un_cat*s120270